Estatísticas para Cultura Geral

Clique aqui para jogar o quiz

Estatísticas Gerais

  • Esse quiz foi jogado 15 vezes
  • A pontuação média é 4 de 15

Estatísticas das Respostas

HintResposta% Correto
Que logo de automóveis consiste em quatro anéis interligados?Audi
85%
Que grupo pop às vezes é abreviado como "1D"?One Direction
54%
Que ciência que estuda as culturas e os modos de vida das diferentes sociedades humanas - tanto do passado como do presente - a partir da análise de objetos materiais.Arqueologia
46%
Qual é o pássaro mais rápido em terra?Avestruz
46%
Com que criatura de várias cabeças Hércules lutou, onde cada vez que uma cabeça era cortada, mais duas cresciam em seu lugar?Hidra
38%
A família real de qual país incluía o príncipe Rainier e Grace Kelly?Mónaco
31%
Qual é a maior cidade localizada no delta do rio Yangtze?Xangai
31%
O que um numismata coleciona?Moedas
23%
Quem canta a música "Every Breath You Take"?The Police
23%
O piano está associado a que tipo de estilo musical?Jazz
15%
Qual é o país menos populoso que toca o Pacífico?Nauru
15%
Qual é a maior ilha do Pacífico?Nova Guiné
8%
Quanto é uma dúzia de dúzias de padeiro?156
0%
Quem inventou o piano?Bartolomeo Cristofori
0%
Dos países que fazem fronteira com o Pacífico, qual vem por último em ordem alfabética?Vietnã
0%

Distribuição das Pontuações

Percentil de Números Respondidos

Porcentagem de Pessoas com Cada Pontuação

Sua Pontuação Histórica

Você não jogou esse quiz